Economic significance of medicinal plants in Peninsular Malaysia

Bibliographic Details
Main Author: KANTA Kumari
Other Authors: Dan, Tuan Marina Tuan Ibrahim
Format: Book
Published: Kuala Lumpur : Jabatan Perhutanan Semenanjung Malaysia , 1998
Subjects:

MARC

LEADER 00000cam a2200000 7i4500
001 0000000261
005 20040225.0
020 0 0 |a 9839269054 
090 0 0 |a JPSM633.88   |b KAN 1998 
100 0 0 |a KANTA Kumari 
245 1 0 |a Economic significance of medicinal plants in Peninsular Malaysia   |c Kanta Kumari, Dan Yit May, Tuan Marina Tuan Ibrahim 
260 0 0 |a Kuala Lumpur :   |b Jabatan Perhutanan Semenanjung Malaysia ,   |c 1998 
300 |a 87 p. :   |b col., ill. ;   |c 22 cm. 
650 0 0 |a Medicinal plants   |z Malaysia 
650 0 0 |a Non-timber forest products 
650 0 0 |a Traditional medicine   |z Malaysia 
700 0 1 |a Dan   |h Yit May 
700 0 1 |a Tuan Marina Tuan Ibrahim 
998 |a JPSM 
999 |a 0000001400   |b Monograph   |c Open Shelf   |e Default branch 
999 |a 0000001401   |b Monograph   |c Reference   |e Default branch 
999 |a 0000001402   |b Monograph   |c Open Shelf   |e Default branch 
999 |a 0000001420   |b Monograph   |c Open Shelf   |e Default branch 
999 |a 0000001421   |b Monograph   |c Open Shelf   |e Default branch 
999 |a 0000002836   |b Monograph   |c Open Shelf   |e Default branch